01192nam a2200253 a 450000100100000000500170001000800410002704000250006808200180009310000420011124500710015326000370022430000210026150000790028259000670036159000280042865000280045665000310048491000370051595201310055295201160068395201220079999900170092100003071220240412074255.0110526s201u dr 000 p spa d aDO-SdBNPbspacBNPHU aRD861.5bY51p1 aYñiquez Paulino, Luz María95729813aUn pensamiento tras una poesía /cLuz María Yñiquez Paulino. a[Santo Domingo :bs. n.,c20--]. a122 p. ;c21 cm. aIncluye datos biográficos de la autora en la solapa de la contracubierta aLa biblioteca posee tres ejemplares autografiados por el autor aInventariado, 2019 / DG 0aPoesía dominicana966 0aLiteratura dominicana.967 aValidado. Control de calidad MFF 001054708DSaGRbGRcHDd2011-05-26iLF1l0oRD861.5 Y51pp30712-30r2020-06-25te. 3w2020-06-25yLFDSZPréstamo en sala 0010718PDaPDbPDcHDd2011-05-26iLF1l0oRD861.5 Y51pp30712-10r2020-06-25w2020-06-25yLFPDZNo se presta 0010718PDaPDbPDcHDd2011-05-26iLF1l0oRD861.5 Y51pp30712-20r2020-06-25te. 2w2020-06-25yLFPDZNo se presta c30204d30204